000 01417nam a2200373Ia 4500
001 ebr10660444
003 CaPaEBR
006 m u
007 cr cn|||||||||
008 090417s2009 nyu sb 001 0 eng d
010 _z 2009015628
020 _z1607416913 (hardcover)
020 _z9781607416913 (hardcover)
020 _z9781608767984
040 _aCaPaEBR
_cCaPaEBR
035 _a(OCoLC)844347948
050 1 4 _aHV40
_b.R57 2009eb
082 0 4 _a361.6/5
_222
245 0 0 _aRisk and social welfare
_h[electronic resource] /
_cJason L. Powell and Azrini Wahidin, editors.
260 _aNew York :
_bNova Science Publishers,
_cc2009.
300 _avi, 154 p.
490 1 _aSocial issues, justice and status series
504 _aIncludes bibliographical references and index.
533 _aElectronic reproduction.
_bPalo Alto, Calif. :
_cebrary,
_d2013.
_nAvailable via World Wide Web.
_nAccess may be limited to ebrary affiliated libraries.
650 0 _aPublic welfare.
650 0 _aSocial policy.
650 0 _aRisk
_xSociological aspects.
655 7 _aElectronic books.
_2local
700 1 _aPowell, Jason L.,
_d1971-
700 1 _aWahidin, Azrini,
_d1972-
710 2 _aebrary, Inc.
830 0 _aSocial issues, justice and status series.
856 4 0 _uhttp://site.ebrary.com/lib/rucke/Doc?id=10660444
_zAn electronic book accessible through the World Wide Web; click to view
999 _c170794
_d170794